[Event "ROM-ch U10"]
[Site "Calimanesti"]
[Date "2018.03.31"]
[Round "6"]
[White "Popescu, Alexandru Mihai"]
[Black "Botea, David Alexandru"]
[Result "0-1"]
[WhiteElo "1123"]
[BlackElo "1675"]
[PlyCount "72"]
[EventDate "2018.03.27"]
[EventType "swiss"]
[EventRounds "9"]
[EventCountry "ROU"]
[SourceTitle "CBM 183 Extra"]
[Source "ChessBase"]
[SourceDate "2018.04.19"]
[SourceVersion "1"]
[SourceVersionDate "2018.04.19"]
[SourceQuality "1"]

1. e4 e5 2. Nf3 Nc6 3. d4 exd4 4. Nxd4 Nf6 5. Nc3 Bb4 6. Nxc6 bxc6 7. Bd3 d5 8. exd5 cxd5 9. 0-0 0-0 10. h3 c6 11. Qf3 Rb8 12. Bf4 Bd6 13. Bxd6 Qxd6 14. b3 Re8 15. Rfe1 Be6 16. Rad1 Qc7 17. Na4 c5 18. Nb2 Re7 19. c4 d4 20. Be4 Nxe4 21. Qxe4 Rbe8 22. Qf3 g6 23. Qg3 Qxg3 24. fxg3 Bf5 25. Rxe7 Rxe7 26. Na4 Rc7 27. Kf2 Kf8 28. g4 Bd7 29. Nb2 Ke7 30. Re1+ Kd6 31. Kg3 Bc6 32. Nd3 f5 33. gxf5 gxf5 34. Re5 Be4 35. Rxc5 Rxc5 36. Nxc5 Kxc5 0-1